| 000 | 00723nam a2200241Ia 4500 | ||
|---|---|---|---|
| 008 | 220216s9999 xx 000 0 und d | ||
| 100 | _aSingh R.P. | ||
| 245 | 0 | _aNutritional requirement of Hevea. II. Effect of N, P and K on dry matter yield, nutrient content and uptake of nutrients by rubber seedlings in Assam | |
| 260 |
_bJournal of Potassium Research _c2003 |
||
| 300 | _a111-118 | ||
| 650 | _aAssam | ||
| 650 | _aDry matter yield | ||
| 650 | _aFertilizer response | ||
| 650 | _aNutrient status | ||
| 650 | _aNutrient uptake | ||
| 650 | _aRubber seedling | ||
| 650 | _aSoil analysis | ||
| 650 | _aYield response | ||
| 700 | _aGohain T. | ||
| 700 | _aMandal D. | ||
| 700 | _aSarma A.C. | ||
| 942 | _cBS | ||
| 999 |
_c51686 _d51686 |
||